000 00545nam a22001937a 4500
003 OSt
005 20150306143732.0
008 150306b xxu||||| |||| 00| 0 eng d
020 _a0727909037
040 _cdnlm
082 _aWL 100 M312 1995
245 _aManagement of Neurological disorders /
_cEdited by CM Wiles
260 _aBritain :
_bBMJ publishing group;
_c1995.
300 _aviii,341 p :
_bill;
_c27 cm.
504 _aIncludes index.
650 _aNeurogical Disorders
_93183
700 _4Editor
_aWiles CM
_93184
942 _2z
_cSLOAN
999 _c1164
_d1164